| 000 | 00847cam a2200217 4500 | ||
|---|---|---|---|
| 008 | 090401t1994 xxu||||| |||| 00| 0 eng d | ||
| 020 | _a0113306288 | ||
| 035 | _a(Sirsi) u41858 | ||
| 041 | _aeng | ||
| 050 |
_a333.70285 _c18 |
||
| 110 |
_aCCTA _91635 |
||
| 245 | _aGeographic information and geographic information systems standards | ||
| 260 |
_aLondon _bHMSO _c1994 |
||
| 300 |
_a98p. _c26cm. |
||
| 350 | _a35 | ||
| 490 | _aCCTA Information Management Library | ||
| 520 | _aLooks at the needs for standards that apply to digital geographic information and systems standards that apply to geographic information systems. Volume produced by CCTA as a sponsor member of the AGI. | ||
| 690 | _aENVIRONMENTAL AND LAND CONSULTANCY-GEOMATICS-GEOGRAPHIC INFORMATION SCIENCE-GEOGRAPHIC INFORMATION SYSTEMS | ||
| 942 | _n0 | ||
| 948 | _c04/03/1997 | ||
| 999 |
_c90992 _d90992 |
||